000 00425nam a2200157Ia 4500
005 20250430011942.0
008 240331s9999 xx 000 0 und d
020 _a9558104086
082 _bPOO
_a891
245 0 _aMankolla rajiniya Poolan devi 1
260 _aAthulkotte
_bA.S Printers & Publishers
_c1998
300 _a164 p ., ( P 1)
500 _aA Book of Phoolan Devi
700 _aLeelaratna, Uppali
_eedt
942 _cL
999 _c5577
_d5577